000 00834nam a2200253 i 4500
003 DO-SdBNP
005 20240809153426.0
006 a||||gr|||| 00| 0
007 ta
008 240809e2004 sp a|||| |||| 00| 0 spa d
020 _a8436938577
040 _aDO-SdBNP
_bspa
_cBNPHU
_erda
082 4 _222
_bH542p
245 0 0 _aLa herencia del pasado (II):
_búltimas adquisiciones del Museo Arqueológico Nacional (2000-2003).
264 1 _a[España] :
_bMinisterio de Cultura,
_c2004
300 _a175 páginas :
_bilustraciones ;
_c27 cm.
336 _2rdacontent
_atexto
_btxt
337 _2rdamedia
_asin mediación
_bn
338 _2rdacarrier
_avolumen
_bnc
500 _aMuseo Arqueológico Nacional, junio-agosto del 2004.
504 _aBibliografía: páginas 169-175.
590 _aInventariado 2024 / MF
942 _2ddc
_cLBS1
999 _c57400
_d57400